Quizzes
Events
Quiz Creation
Community
Videos
Private Events
Remove Ads
Sign In
Join for FREE
Feedback
Dark Mode
Quiz Categories
Sports
Geography
Music
Movies
Television
Just For Fun
Miscellaneous
History
Literature
Language
Science
Gaming
Entertainment
Religion
Holiday
For Kids
Quiz Lab
Recent
Popular Today
Quiz Kudos Today
Editor Picks
Curator Picks
Quizzes by...
Day
Popularity
Type
Ratings
Length
Year
Community
Subscriptions
Recent Discussions
Orange Saloon
Badges
Playlists
Quests
Create
Leaderboards
Showdown
Live 5
Trivia Bingo
Activity
Puzzle Library
Sporcle Events
Private Events
Virtual Trivia
Globe League
Become a Host
Pub Owners
SporcleCon
Opinionation
Our Games
Videos
Blog
Mobile Apps
Partnerships
Remove Ads and Go Orange
Feedback
Sports
Athletes
MLB
NBA
NHL
NFL
Soccer
Sports Teams
WWE
NCAA
Football
Premier League
Basketball
Baseball
Hockey
Golf
Tennis
Cricket
Rugby
Auto Racing
Olympics
World Cup
Sports
Athletes
MLB
NBA
NHL
NFL
Soccer
Sports Teams
WWE
NCAA
Football
Premier League
Basketball
Baseball
Hockey
Golf
Tennis
Cricket
Rugby
Auto Racing
Olympics
World Cup
Random Quiz
Search Sporcle
×
Quiz Lab
Quiz Lab
Sports
1970s
Type in answers that appear in a list
Type in answers that appear in a list
Classic
Best Score? Go Orange.
Top XIs: Norwich City (1970s) Stats
Can you name the most-used League XIs for Norwich City in the 1970s?
By
culverhouse
10m
110 Questions
1,688 Plays
1,688 Plays
1,688 Plays
Comments
Comments
Give Quiz Kudos
Give Quiz Kudos
-
- Ratings
hide this ad
Replay
Link that replays current quiz
Next Quiz
Link to next quiz in quiz playlist
You Got
0%
They Got
Avg Score
78%
Avg Friend Score
Upgrade to see
Score Distribution
Jump to the score distribution portion of the page
Score
0/110
Timer
10:00
1
Play Today
% Correct
Kevin Keelan
98%
Kevin Keelan
98%
Kevin Keelan
98%
Kevin Keelan
98%
Kevin Keelan
98%
Kevin Keelan
98%
Kevin Keelan
98%
Kevin Keelan
98%
Kevin Keelan
98%
Kevin Keelan
98%
Martin Peters
94.8%
Martin Peters
94.8%
Martin Peters
94.8%
Martin Peters
94.8%
Martin Peters
94.8%
Graham Paddon
92%
Graham Paddon
92%
Graham Paddon
92%
Graham Paddon
92%
Kevin Bond
90.6%
Kevin Bond
90.6%
Kevin Bond
90.6%
Justin Fashanu
90.1%
Ted MacDougall
88%
Ted MacDougall
88%
Ted MacDougall
88%
Kevin Reeves
88%
Kevin Reeves
88%
Kevin Reeves
88%
Kevin Reeves
88%
Phil Boyer
87.7%
Phil Boyer
87.7%
Phil Boyer
87.7%
Phil Boyer
87.7%
Duncan Forbes
85.1%
Duncan Forbes
85.1%
Duncan Forbes
85.1%
% Correct
Duncan Forbes
85.1%
Duncan Forbes
85.1%
Duncan Forbes
85.1%
Dave Stringer
84.7%
Dave Stringer
84.7%
Dave Stringer
84.7%
Dave Stringer
84.7%
Dave Stringer
84.7%
David Jones
81.8%
David Jones
81.8%
David Jones
81.8%
Jimmy Neighbour
80.9%
Jimmy Neighbour
80.9%
Jimmy Neighbour
80.9%
Colin Suggett
80.6%
Tony Powell
80.6%
Colin Suggett
80.6%
Tony Powell
80.6%
Colin Suggett
80.6%
Tony Powell
80.6%
Colin Suggett
80.6%
Tony Powell
80.6%
Colin Suggett
80.6%
Tony Powell
80.6%
Tony Powell
80.6%
Mel Machin
80.3%
Mel Machin
80.3%
Colin Sullivan
75.9%
Colin Sullivan
75.9%
Colin Sullivan
75.9%
Colin Sullivan
75.9%
David Cross
75.5%
David Cross
75.5%
Mick McGuire
74.5%
Mick McGuire
74.5%
Mick McGuire
74.5%
Keith Robson
72.6%
% Correct
Keith Robson
72.6%
Peter Mendham
72.2%
John McDowell
71.1%
Peter Morris
70.9%
Peter Morris
70.9%
John Ryan
70.6%
John Ryan
70.6%
John Ryan
70.6%
Doug Livermore
67.3%
Doug Livermore
67.3%
Doug Livermore
67.3%
Ian Davies
66.6%
Ken Foggo
64.1%
Ken Foggo
64.1%
Jimmy Bone
63.3%
Alan Black
61.8%
Terry Anderson
61.7%
Terry Anderson
61.7%
Terry Anderson
61.7%
Phil Hoadley
61.6%
Clive Payne
58.9%
Clive Payne
58.9%
Clive Payne
58.8%
Billy Steele
58.6%
Roger Gibbins
58.2%
Geoff Butler
58.2%
Geoff Butler
58.1%
John Benson
57.6%
Peter Silvester
57%
Peter Silvester
57%
Trevor Howard
54.1%
Trevor Howard
54.1%
Max Briggs
53.4%
Max Briggs
53.4%
Ian Mellor
49.8%
Colin Prophett
47.6%
Quiz Playlist
Details
Report
Send in Message
Add To Playlist
Classic:
Type in answers that appear in a list
Last Updated: May 25, 2023
Quiz Scoreboard
CHALLENGE
Sign Up to Join the Scoreboard
Show All
Scores
Hide
Comments
May contain spoilers
Recently Published
Movies - When Are They Set?
by FPL_Elf
Movies
5m
Popular People in 1961
by mucciniale
History
6m
1-10 Letter E Words III
by El_Dandy
Language
2m
More to Explore
Quiz From the Vault
Featured Blog Post
Where Did the Easter Bunny Come From?
hide this ad
You Might Also Like...
Tags
1970s
Football League
Norwich City
Today's Top Quizzes in Sports
Browse Sports
hide this ad
Today's Top Quizzes in 1970s
Browse 1970s
Top Contributed Quizzes in Sports
1
Les meilleurs buteurs des matchs entre le PSG et l’OM
2
Les entraîneurs de l'OM et du PSG au 21e siècle
3
FIFA Club World Cup Champions
4
2022 World Cup Stars
5
Name the Premier League winners with different clubs
6
La finale Lions - Afrique du Sud 2021
7
Criteria MLB: Left Handed Sluggers
8
Players with Multiple 50 Home Run Seasons
9
MLB Players with Two .350 Batting Average Seasons
10
MLB Hall of Famer by Rings
Explore More
Trending Topics
Anime
Disney
Kpop
Marvel
NBA
Harry Potter
Crossword
Soccer
Song
The Office
NFL
Country
Puzzle
WWE
Pokémon
hide this ad
More By:
culverhouse
Quiz
Plays
Rating
Category
Featured
Created
Top XIs: Scotland (1980s/1990s)
7,009
5.00
Sports
Apr 1, 2016
FA Premier League XIs 2016-17
6,451
4.70
Sports
May 23, 2017
Top XIs: Liverpool (1980s)
6,066
5.00
Sports
Jul 1, 2016
Top XIs: Manchester United (1980s)
5,949
5.00
Sports
Jul 1, 2016
UEFA Champions League last 16 XIs 2018-19
5,531
4.89
Sports
Jun 1, 2019
Go to Creator's Profile
Score Distribution
Quiz Creator Spotlight
culverhouse
Follow
Send a Message
Quizzes Created
-
Created Quiz Play Count
-
More By This Creator
Popular Quizzes Today
1
Find the US States - No Outlines Minefield
2
Find the Countries of Europe - No Outlines Minefield
3
The Countries of the World
4
Popular People in 1961
5
1-10 Letter E Words III
6
US States
7
Find the US States
8
One Thing in Common: World Cities II
More Sports Quizzes
Premier League Mascot Blitz
Published
Trending Quizzes
Risky Map Clicking: Least Populous States A-Z
1-10 Letter F Words
1-10 Letter G Words
One Thing in Common: United Kingdom
Risky Map Clicking: Next State Alphabetically
Recently Updated
Leaping Animals
pecheneg
Reality TV Shows (A-Z)
bhenderson79
Rickey Henderson's Hall of Fame Teammates
pecheneg
Champions League XIs: Arsenal
pecheneg
Quick Pick: Celebrities in WWE's Hall of Fame
aduchscher
A-Z Keypad Blitz II
pecheneg
Multiple Oscar Actors
pecheneg
Mystery Phrase Blitz: Oscar 'Best Actors'
pecheneg
F. Scott Fitzgerald Novels
LTH
Pick 3 Villains
ddd62291
Trending Topics
Marvel
NBA
Anime
Crossword
Kpop
Harry Potter
Disney
Song
Puzzle
Pokémon
Country
Soccer
The Office
WWE
NFL
Your Account Isn't Verified!
In order to create a playlist on Sporcle, you need to verify the email address you used during registration. Go to your
Sporcle Settings
to finish the process.
Report this User
Report this user for behavior that violates our
Community Guidelines
.
Details:
Send Report
Go to the Sporcle.com Mobile Site →
Comments